| 000 | 00955cam a22003014a 4500 | ||
|---|---|---|---|
| 001 | 2173 | ||
| 005 | 20231110105745.0 | ||
| 020 | _a043933408X (pbk.) | ||
| 020 | _a9780439801829 | ||
| 040 |
_aDLC _cDLC _dDLC _beng |
||
| 050 | 0 | 0 |
_aQL737.C23 _bB463 2002 |
| 082 | 0 | 0 |
_a599.75 _221 |
| 100 | 1 | _aBerger, Melvin | |
| 245 | 1 | 0 |
_aGrrr! : _ba book about big cats / _cby Melvin & Gilda Berger. |
| 250 | _aFirst revised edition, September 2005 | ||
| 260 |
_aNew York : _bScholastic, _c2002 |
||
| 300 |
_a40 pages : _bIllustrations _c23 cm |
||
| 490 | 1 | _aHello reader! science- level 3 | |
| 505 | _aK | ||
| 520 | _aAn introduction to the big cats including lions, tigers, cheetahs, jaguars, and leopards. | ||
| 521 |
_a560 _bLexile |
||
| 521 |
_aK _bRaz-Plus |
||
| 650 | 0 |
_aFelidae _vJuvenile literature. |
|
| 650 | 1 | _aCat family (Mammals) | |
| 700 | 1 |
_aBerger, Gilda _eCoauthor |
|
| 906 |
_a7 _bcbc _corignew _d1 _eecip _f20 _gy-gencatlg |
||
| 942 |
_2ddc _cBK _n0 |
||
| 999 |
_c2173 _d2173 |
||